000 00693nam a2200289Ia 4500
005 20260324135346.0
008 008 260324s9999 xx 000 0 eng d
020 _a9781315190600
037 _aEBOOK
040 _aCRL
040 _beng
040 _cCRL
041 _2eng
041 _aeng
084 _qCRL
100 _aA.J. Arnold
_91200306
245 0 _aIron Shipbuilding on the Thames, 1832–1915
245 3 _bAn Economic and Business History
260 _bTaylor and Francis
260 _c2000
365 _a
365 _b130
856 _uhttp://www.taylorfrancis.com/books/9781315190600
942 _cEBOOK
999 _c1801288
_d1801288